000
00198nam a2200085Ia 4500
008
120527s9999 xx 000 0 und d
100
_a
Aressler, et al
245
_a
Integrated mathematics
942
_c
BK
999
_c
27821
_d
27821